000 01256nam1a2200313 i 4500
001 RU\NLR\bibl\21771
005 20240919170904.0
035 _a(NLR Aleph) 000021214
090 _a97611
_c97611
100 _a19990413g1998 u y0rusy50 ca
101 0 _arus
_aeng
102 _aRU
105 _a|||||||||||||
200 1 _aБольшой русско-английский политехнический словарь
_dComprehensive russian-english scientific and technical dictionary
_eБолее 500 000 терминов
_e[В 4 т.
_fПод общ. ред. Д.А. Русака]
210 _aМ.
_cЭТС
_d1998
215 _d30
463 0 _100121541
463 0 _100121697
510 0 _aComprehensive russian-english scientific and technical dictionary
_zeng
606 0 _aРусский язык
_xТерминология политехническая
_xСловари
_xАнглийский язык
_91695298
_3RU\NLR\auth\661052328
606 0 _aТехника
_xСловари
_91755468
_3RU\NLR\auth\661082234
686 _aШ143.21-434.2
686 _aШ141.12-434.1
686 _aЖ.я212.2
702 1 _aРусак
_bД. А.
_4340
801 0 _aRU
_bNLR
_c19990413
_gPSBO
801 1 _aRU
_bNLR
_c19990413
852 _aNLR
_jС К-5/316
942 _cBOOK